000 00823nam a2200229 i 4500
001 182497
003 ES-MaACL
005 20250812050900.0
008 130909s2009 xxu |||| | eng d
020 _a978-0-521-13083-7
245 0 0 _aRepresentations of war in ancient Rome /
_cedited by Sheila Dillon, Katherine E. Welch.
260 _aCambridge :
_bCambridge University Press,
_c2009.
300 _aXIV, 365 p. :
_bil. ;
_c27 cm.
504 _aIncluye referencias bibliográficas (p. 321-348) e índice.
650 4 _aGuerra-
_xEn el arte.
_9136209
650 0 7 _aArte romano
_2embne
_910314
700 1 _aDillon, Sheila.
_9153363
700 1 _aWelch, Katherine E.
_9153364
852 _aES-MaACL
_jA-12883
_9189409
_bR.149850
_cDEPO1
_dOlim: N-5883
942 _2udc
_cMONOGRAFIA
999 _c182497
_d182497